Bosques inundables del medio Caquetá (Registro nro. 23)

Detalles MARC
000 -CABECERA
Campo de control 00872nam a2200265 a 4500
005 - FECHA Y HORA DE LA ULTIMA TRANSACCION
Campo de control 20200104041504.0
008 - ELEMENTOS DE LONGITUD FIJA—INFORMACION GENERAL
Campo de control 160213t1997 ck d gr|||| 00| 0 spa d
040 ## - FUENTE DE CATALOGACIÓN
Agencia catalogadora original CO-BoIAVH
Agencia transcriptora CO-BoIAVH
041 ## - IDIOMA
Código de idioma para texto/pista de sonido o título separado Español
090 ## - CLASIFICACIÓN LOCAL
Colección RE
Consecutivo 00060
100 1# - ASIENTO PRINCIPAL--NOMBRE PERSONAL
Nombre personal Urrego Giraldo, Ligia
9 (RLIN) 59583
245 1# - MENCION DE TITULO
Título Bosques inundables del medio Caquetá
Parte restante del título caracterización y sucesión
246 ## - FORMA VARIANTE DEL TITULO
Título propiamente dicho/forma breve del título Floodable forests in the middle Caqueta region
Parte restante del título characterization and succession
260 ## - PUBLICACION, DISTRIBUCION, ETC. (PIE DE IMPRENTA)
Lugar de publicación, distribución, etc. Bogotá
Nombre del editor, distribuidor, etc. Tropenbos Colombia
Fecha de publicación, distribución, etc. 1997
300 ## - DESCRIPCION FISICA
Extensión 335 paginas.
Otros detalles físicos graficos. ;
Dimensiones 23 x 17 cm.
650 #4 - ASIENTO SECUNDARIO DE MATERIA - TERMINO TEMATICO
Término temático o nombre geográfico como elemento de entrada Bosques inundables
9 (RLIN) 59584
650 #4 - ASIENTO SECUNDARIO DE MATERIA - TERMINO TEMATICO
Término temático o nombre geográfico como elemento de entrada Ecología forestal
9 (RLIN) 59585
650 #6 - ASIENTO SECUNDARIO DE MATERIA - TERMINO TEMATICO
Término temático o nombre geográfico como elemento de entrada Suelos
9 (RLIN) 287
650 #4 - ASIENTO SECUNDARIO DE MATERIA - TERMINO TEMATICO
Término temático o nombre geográfico como elemento de entrada Fitosociología
9 (RLIN) 149
650 #4 - ASIENTO SECUNDARIO DE MATERIA - TERMINO TEMATICO
Término temático o nombre geográfico como elemento de entrada Sinecología
9 (RLIN) 59587
650 #4 - ASIENTO SECUNDARIO DE MATERIA - TERMINO TEMATICO
Término temático o nombre geográfico como elemento de entrada Paleoecología
9 (RLIN) 148
650 #6 - ASIENTO SECUNDARIO DE MATERIA - TERMINO TEMATICO
Término temático o nombre geográfico como elemento de entrada biodiversidad
Subdivisión de forma uso
9 (RLIN) 59589
662 ## - ASIENTO SECUNDARIO DE MATERIA - JERARQUIA DEL NOMBRE DE LUGAR(
País o entidad mayor Colombia
Jurisdicción política de primer orden Caquetá
942 ## - ELEMENTOS ADICIONALES (KOHA)
Tipo de ítem Libro
Koha issues (borrowed), all copies 1
Sistema de clasificación Local
Existencias
Withdrawn status Lost status Sistema de Clasificación Damaged status No para préstamo Colección Inventariado Ubicación Permanente Ubicación actual Fecha de adquisición Fuente de Valor Valor Total Checkouts Número topográfico Inventario / Código de Barras Date last seen Ejemplar Price effective from Forma de adquisición Tipo de material Date checked out Public note
    Local     General Inventariado 2017 Bogotá Bogotá 15/12/1997 Instituto 39000.00   RE-00060 000005 04/12/2012 T-14 Ej. 1 04/12/2012   Libro    
    Local     General Inventariado 2017 Sala Fabio Quevedo Sala Fabio Quevedo 14/11/2001 Instituto 39000.00   RE-00060 004738 04/12/2012 T-14 Ej. 2 04/12/2012   Libro    
    Local     General Inventariado 2017 Sala Fabio Quevedo Sala Fabio Quevedo 15/12/1997       LB-00002 004739 04/12/2012 Anexo Ej. 2 04/12/2012   Mapa   Mapa de los bosques inundables de las áreas de la isla de Mariñame y el Quebradón del Quinche
    Local     General Inventariado 2017 Villa de Leyva Villa de Leyva 15/12/1997     1 LB-00002 000006 10/01/2014 Anexo Ej. 1 04/12/2012   Mapa 10/01/2014 Mapa de los bosques inundables de las áreas de la isla de Mariñame y el Quebradón del Quinche